Movies Quiz

Random Movies or Clickable Quiz
Score 0/101 Timer 11:00
7 Plays Today
% Correct
Wonka
88.5%
Wizard
88.5%
What
88.1%
Winnie
88.1%
When
88%
Wind
87.9%
With
87.8%
Who
87.6%
Weapon
87.4%
Wanted
86.8%
Will
86.7%
Wide
86.6%
Wears
86.5%
Wedding
86.4%
Where
86.4%
Woods
86.2%
Web
86.1%
WALL
86%
Wait
86%
Wolves
85.5%
We
85.3%
Wars
85.1%
Wonderful
84.9%
Woolf
84.7%
Way
84.7%
Wreck
84.6%
Whole
84.6%
Wimpy
84.5%
While
84.5%
Wrath
83.2%
Worlds
83.2%
Weeks
83.1%
Wayne's
82.7%
Why
82.7%
% Correct
Western
81.9%
Welles
81.9%
Whom
81.3%
Walter
81.2%
Weekend
80.4%
Which
80.2%
Werewolf
80.1%
Were
80%
Wives
79.8%
Women
79.6%
Would
79.4%
White
79.3%
Watch
79.2%
Went
78.9%
Washington
78.8%
Witches
78.6%
Wick
78%
Woman
77.7%
Welcome
77.7%
Wonder
77.5%
Whisperer
77.4%
Window
76.7%
Was
76.7%
Water
76.7%
Witch
76.7%
World
76.1%
Weird
76.1%
West
75.5%
Whorehouse
75.4%
Win
75.3%
Wire
75.3%
Wake
75.3%
Waterfront
73.9%
Wasp
73.5%
% Correct
War
71.7%
Working
70.3%
Widow
69.4%
Wish
69.3%
Witness
66.3%
Worms
65.8%
Wash
65%
Without
62.6%
Worrying
62.3%
Wild
62%
Wag
61.2%
Wings
60.2%
Wine
59.9%
Wet
59.8%
Wore
59.7%
Wax
59.7%
Walking
59.6%
Wise
59.5%
Wife
59.4%
Wicked
58.8%
Winter
56.1%
Warning
54.9%
Waiting
53.2%
Wooden
52.7%
Waking
48.1%
Walk
46.8%
Williams
44.1%
Willie
43.8%
Wages
32.5%
Written
31.9%
Whales
27.5%
Wrong
24.4%
Wright
21.9%

You're not logged in!

Compare scores with friends on all Sporcle quizzes.
OR
Log In

Sporcle TV

Today on Sporcle TV


Watch our educational content, quiz creation guides, and fun videos on Sporcle TV.

Show Comments

Extras

Top Quizzes Today


Score Distribution

Paid Content

Your Account Isn't Verified!

In order to create a playlist on Sporcle, you need to verify the email address you used during registration. Go to your Sporcle Settings to finish the process.

Report this User

Report this user for behavior that violates our Community Guidelines.

Details: